000 00717cam a2200253 4500
001 M83489
008 090401t1997 xxu||||| |||| 00| 0 eng d
035 _a(Sirsi) u77870
041 _aeng
050 _a333.72
100 _aGeraghty, P.J.
245 _aEnvironmental auditing and the development industry.
260 _aAscot
_bChartered Institute of Building
_c1997
300 _a12p. ; 30cm.
350 _a5
490 _aConstruction Papers
_v73
650 _aDEVELOPMENT INDUSTRY
650 _aENVIRONMENTAL AUDITING
690 _aENVIRONMENTAL AND LAND CONSULTANCY
700 _aHarlow, Peter
_xEditor
710 _aThe Chartered Institute of Building
_92131
942 _n0
948 _c22/04/1997
999 _c96369
_d96369